Statistics for Countries Without the Latin Alphabet

Click here to take the quiz!

General Stats

  • This quiz has been taken 18 times
    (17 since last reset)
  • The average score is 38 of 42

Answer Stats

HintAnswer% Correct
AsiaChina
100%
AsiaIsrael
100%
AsiaNepal
100%
AsiaNorth Korea
100%
AsiaSouth Korea
100%
AsiaBahrain
93%
AsiaBangladesh
93%
EuropeBelarus
93%
AsiaCambodia
93%
AfricaEgypt
93%
EuropeGreece
93%
AsiaIran
93%
AsiaIraq
93%
AsiaJordan
93%
AsiaLaos
93%
AfricaLibya
93%
AsiaMaldives
93%
AfricaMorocco
93%
AsiaOman
93%
EuropeRussia
93%
AsiaSyria
93%
AfricaTunisia
93%
EuropeUkraine
93%
AsiaUnited Arab Emirates
93%
AsiaYemen
93%
AsiaAfghanistan
87%
AsiaArmenia
87%
AsiaBhutan
87%
EuropeBulgaria
87%
AsiaGeorgia
87%
AsiaKuwait
87%
AsiaLebanon
87%
AsiaMyanmar
87%
AsiaQatar
87%
AsiaSaudi Arabia
87%
AsiaSri Lanka
87%
AsiaTajikistan
87%
AsiaThailand
87%
AfricaEritrea
80%
AsiaKyrgyzstan
80%
AsiaMongolia
80%
AfricaMauritania
73%

Score Distribution

Percentile by Number Answered

Percent of People with Each Score

Your Score History

You have not taken this quiz since the last reset